Statistiques concernant Culture Générale - Série 971

Cliquez ici pour prendre le quiz!

Statistiques générales

  • Ce quiz a été pris 116 fois
  • Le résultat moyen est 6 sur 10

Statistiques - réponses

QuestionRéponse% Correct
A quelle pâtisserie les soeurs Tatin ont-elles donné leur nom ?tarte
99%
Quel mot désuet de 3 lettres signifiant préjudice, désavantage, détriment, est employé dans l'expression "au grand .... de quelqu'un ?dam
88%
Quelle unité de mesure agraire de superficie équivaut à 10 000 mètres carrés ?hectare
88%
Dans quel pays le ikebana désigne-il l'art de la composition florale ?Japon
82%
C'est le nom d'un chapeau et d'un pays d'Amérique Centralepanama
82%
Quel est le nom donné aux habitants du Laos ?laotiens
77%
Quel mot d'origine grecque ancienne désigne de nos jours un jeune homme d'une grande beauté ?éphèbe
35%
Quel verbe du 1er groupe de 10 lettres et commençant par "P" signifie "dépérir" ?péricliter
30%
Quel mot désigne la longue perche employée pour faire tomber les fruits d'un arbre ?gaule
29%
Quel fleuve arrose les villes françaises de Cambrai et Valenciennes, et les villes belges de Gand et Anvers ?Escaut
19%

Distribution des résultats

Percentile par nombre de réponses

% des personnes avec chaque résultat

Votre développement - résultats

Vous n’avez pas pris ce quiz